Bandeiras da Oceania - Statistics

Estatísticas Gerais
  • Esse quiz foi jogado 21 228 vezes
  • A pontuação média é 11 de 14
Estatísticas das Respostas
Imagem Resposta % Correto
Austrália
99%
Nova Zelândia
99%
Fiji
85%
Papua Nova Guiné
85%
Estados Federados da Micronésia
84%
Palau
84%
Tonga
77%
Ilhas Marshall
74%
Kiribati
74%
Tuvalu
74%
Nauru
71%
Samoa
71%
Ilhas Salomão
69%
Vanuatu
69%
Nenhum quiz correspondente encontrado
Distribuição das Pontuações
Porcentagem de Pessoas com Cada Pontuação
Percentil de Números Respondidos
Sua Pontuação Histórica
Você não jogou esse quiz